| 000 | 00542 a2200145 4500 | ||
|---|---|---|---|
| 082 | _aBICSE-6 | ||
| 100 |
_aMuhammad Rizwan Javed _993093 |
||
| 245 |
_aEmpirical Analysis of bandwidth allocation in wimax _cMuhammad Rizwan Javed |
||
| 260 |
_aIslamabad _bNUST School of Electrical Engineering and Computer Science _c2012 |
||
| 300 |
_a38p. _b:ill. _c:27cm.+ _eCD-ROM |
||
| 500 | _aSupervisors: Dr. Anjum Naveed, Dr. Zawar Hussain | ||
| 563 | _aHB | ||
| 856 | _uhttp://10.250.8.41:8080/xmlui/handle/123456789/10745 | ||
| 942 |
_cPR _kBICSE-6 RIZ _2ddc |
||
| 999 |
_c11282 _d11282 |
||